000 00748nam a2200253 i 4500
001 18615
003 ES-MaACL
005 20250408063056.0
007 t|
008 011015s2000 sp |||| | spa j
020 _a84-8191-350-2
080 _a821.134.2-31"19"
100 0 _aTrapiello, Andrés,
_d1953-
_9111233
245 1 0 _aDo fuir /
_cAndrés Trapiello.
250 _a1ª ed.
260 _aValencia :
_bPre-Textos,
_c2000.
300 _a553 p. ;
_c23 cm.
490 1 _aSalón de pasos perdidos ;
_v9
490 1 _aPre-textos. Contemporánea ;
_v486
830 0 _aSalón de pasos perdidos ;
_v9
_9228124
830 0 _aPre-textos. Contemporánea ;
_v486
_9225043
852 _aES-MaACL
_jL-25179
999 _c18615
_d18615